000 00509nam a2200169 i 4500
001 44788
003 ES-MaACL
005 20250808063500.0
007 t|
008 030324s1942 hu ||||1| spa d
100 1 _aCioranescu, Alejandro,
_d1911-1999
_938865
245 1 3 _aLa tradizione storica e le originé del Popolo Romano /
_cAlejandro Cioranescu.
260 _aBucarest :
_b[s.n.],
_c1942.
300 _a48 p. ;
_c22 cm.
852 _aES-MaACL
_j1845-F-42
_bR.20938
999 _c44788
_d44788